El año del laberinto de Tatiana Lobo : laberinto discursivo como reescritura de la historia (liberal)
Guardado en:
| Hovedforfatter: | |
|---|---|
| Format: | Bog |
| Sprog: | Undetermined |
| Udgivet: |
San José, Costa Rica
Escuela de Filología, Lingüística y Literatura,Universidad de Costa Rica
2010
|
| Fag: | |
| Tags: |
Tilføj Tag
Ingen Tags, Vær først til at tagge denne postø!
|
MARC
| LEADER | 00000nam a2200000Ia 4500 | ||
|---|---|---|---|
| 008 | 170316s9999 xx 000 0 und d | ||
| 040 | |a cru BVZT | ||
| 090 | |a Tesis 818 | ||
| 100 | |a Montero Trigueros, Doris | ||
| 245 | |a El año del laberinto de Tatiana Lobo : laberinto discursivo como reescritura de la historia (liberal) | ||
| 260 | |a San José, Costa Rica | ||
| 260 | |b Escuela de Filología, Lingüística y Literatura,Universidad de Costa Rica | ||
| 260 | |c 2010 | ||
| 300 | |a 134 páginas | ||
| 650 | |a LICENCIATURA EN FILOLOGÍA ESPAÑOLA | ||
| 650 | |a TRABAJO FINAL DE GRADUACIÓN | ||
| 650 | |a NOVELA | ||
| 650 | |a LITERATURA COSTARRICENSE | ||
| 999 | |c 14488 |d 14488 | ||
| 942 | |c TFG |h Tesis 818 |2 z | ||
